000 01156naa a22003017a 4500
001 BR7805543
003 BR-BrBNA
005 20240918174222.0
007 ta
008 230509b bl.||||| |||| 00| 0 por d
040 _aBR-BrBNA
_bpor
_cBiblioteca Nacional de Agricultura
041 _a(Pt)
072 _aH10
_b2480
_b4020
_bG514
090 _aH10 BR7805543
100 1 _aRodrigues, M.G.
111 1 _a2. Seminario Nacional da Seringueira
_cRio Branco, AC (Brazil)
_d16 Jun 1976
245 1 _aAvaliacao dos danos fisicos causados pela lagarta pararama (Premolis semirufa)a seringueiros no estado do Para [Hevea brasiliensis; Controle biologico; Brasil]
260 3 _aRio de Janeiro, RJ (Brasil):
_c1974.
500 _aAnais do 2. Seminario Nacional da Seringueira Rio de Janeiro, RJ (Brasil): 1974. p. 157-174 (BR7805543-AM)H10
650 _aSERINGUEIRA
650 _aPARARAMA
650 _aLAGARTA
650 _aCONTROLE BIOLOGICO
650 _aPARA
773 0 _tAnais do 2. Seminario Nacional da Seringueira
_wH10 BR7805543
_gRio de Janeiro, RJ (Brasil), 1974. p. 157-174
909 _a202404
_bLucia
_c55
_dLucia Elande
942 _cAM
_2AGRIS
999 _c309665
_d309665